| 000 | 00741cab a2200253 4500 | ||
|---|---|---|---|
| 001 | ABS45614 | ||
| 008 | 090401t1991 xxu||||| |||| 00| 0 eng d | ||
| 035 | _a(Sirsi) u53991 | ||
| 041 | _aeng | ||
| 100 | _aSands, D. | ||
| 245 | _aPoland - opportunity knocks | ||
| 260 | _c1991 | ||
| 350 | _a0 | ||
| 490 |
_aEstates Gazette _v(9147) 30 November 1991, 76(1) |
||
| 520 | _aRelays findings from Healey and Baker`s report on the Polish property market, which appears to be the most promising of the former eastern bloc. | ||
| 650 | _aEASTERN EUROPE | ||
| 650 | _aHEALEY AND BAKER | ||
| 650 | _aLAND OWNERSHIP | ||
| 650 | _aPOLAND | ||
| 650 | _aPROPERTY MARKET | ||
| 690 | _aOVERSEAS-EUROPE | ||
| 942 | _n0 | ||
| 948 | _c04/03/1997 | ||
| 999 |
_c33128 _d33128 |
||